Výskumná úloha VEGA : Aktuárske modely v životnom poistení v podmienkach poistného trhu Slovenskej republiky po vstupe do Európskej únie
Stručná informácia o príspevku riešiteľky riešiteľského kolektívu projektu VEGA č. 1/3800/06, prednesenom na seminári (Virt, 2006). Úloha sa rieši od januára 2006.
Salvato in:
| Autore principale: | |
|---|---|
| Natura: | Capitolo di libro |
| Lingua: | slovacco |
| Soggetti: | |
| Tags: |
Nessun Tag, puoi essere il primo ad aggiungerne!!
|
MARC
| LEADER | 00000naa$a2200000$$$4500 | ||
|---|---|---|---|
| 001 | 0045985 | ||
| 005 | 20240502071531.9 | ||
| 041 | 0 | |a slo | |
| 044 | |a SK | ||
| 245 | 1 | 0 | |a Výskumná úloha VEGA : Aktuárske modely v životnom poistení v podmienkach poistného trhu Slovenskej republiky po vstupe do Európskej únie |c Katarína Sakálová |
| 520 | |a Stručná informácia o príspevku riešiteľky riešiteľského kolektívu projektu VEGA č. 1/3800/06, prednesenom na seminári (Virt, 2006). Úloha sa rieši od januára 2006. | ||
| 610 | 2 | 0 | |a poistenie životné |
| 610 | 2 | 0 | |a modely |
| 610 | 2 | 0 | |a Slovensko |
| 610 | 2 | 0 | |a trh poistný |
| 610 | 2 | 0 | |a Európska únia |
| 100 | 1 | |a Sakálová, Katarína, 1955- | |